Digital computer user's handbook (Record no. 12723)

MARC details
000 -LEADER
fixed length control field 00485nam a2200157Ia 4500
082 ## - DEWEY DECIMAL CLASSIFICATION NUMBER
Classification number RR 004.6165 DIG-
245 #0 - TITLE STATEMENT
Title Digital computer user's handbook
260 ## - PUBLICATION, DISTRIBUTION, ETC. (IMPRINT)
Place of publication London
Name of publisher McGraw-Hill
Year of publication 1967
300 ## - PHYSICAL DESCRIPTION
Number of Pages vi, 430p.
650 ## - SUBJECT ADDED ENTRY--TOPICAL TERM
Topical Term Computer science - Handbooks, manuals, etc.
650 ## - SUBJECT ADDED ENTRY--TOPICAL TERM
Topical Term Digital computer simulation - Handbooks, manuals, etc.
650 ## - SUBJECT ADDED ENTRY--TOPICAL TERM
Topical Term Algebras, Linear - Handbooks, manuals, etc.
700 ## - ADDED ENTRY--PERSONAL NAME
Personal name Korn, Granino A.
700 ## - ADDED ENTRY--PERSONAL NAME
Personal name Klerrer, Melvin
942 ## - ADDED ENTRY ELEMENTS (KOHA)
Koha item type Books
Source of classification or shelving scheme Dewey Decimal Classification
Holdings
Withdrawn status Lost status Damaged status Not for loan Home library Current library Date acquired Bill Date Full call number Accession Number Price effective from Koha item type
        NASSDOC Library NASSDOC Library 08/06/2004 2004-10-22 RR 004.6165 DIG- 22786 18/04/2019 Books
        NASSDOC Library NASSDOC Library 08/06/2004 2004-10-22 RR 004.6165 DIG- 23200 18/04/2019 Books